000 01322nam a22003377a 4500
003 CHAP
005 20220329143454.0
008 091201s2009 mx r 00010 spa d
010 _a97171
011 _a98143
035 _a108826
040 _cCHAP
090 _aTesis
100 1 _aMendoza Flores, Luis Gerdiel
_974645
245 1 0 _aAnálisis físico y biologico de frutos de tomatillo (Lycopersicon esculentum var. cerasiforme Dun.) de la Zona Norte de Puebla
_c/por Luis Gerdiel Mendoza Flores
260 _aChapingo, Méx. :
_bEl autor,
_c2009
300 _avi, 35 h. :
_bgráfs. , ilus
502 _aTesis (Ing. Agr. Esp. en Parasitología Agrícola) -- UACH. Departamento de Parasitología Agrícola
590 _aALEPH
_b10
_c20130110
_lUCH01
_h1531
590 _aBATCH-UPD
_b10
_c20130110
_lUCH01
_h1614
590 _aBATCH-UPD
_b10
_c20130410
_lUCH01
_h1009
590 _aBATCH-UPD
_b10
_c20130914
_lUCH01
_h1620
590 _aCONVERSION
_b10
_c20130109
_lUCH01
_h1354
650 1 4 _aHongos
_xIdentificación.
_956105
650 1 4 _aTomate
_xFisiología y morfología.
_9113722
650 1 4 _aTomate
_xPuebla.
_9113759
901 _aBK
942 _cFOLL
949 _aTesis
_bBC
_cTES
_d33724002132926
_eTS1
_gDonaciØn
_h49774
_i108826
_sb
949 _aTesis
_bBC
_cTES
_d33724002132967
_eTS2
_fc.2
_gDonaciØn
_h49775
_i108826
_sb
999 _c97171
_d97171